Aplikácia top-down stratégie v projektovom manažmente

Top-down stratégia - metóda systémového inžinierstva. Fázy praktickej realizácie Top-down stratégie: fáza hľadania cieľa, fáza hľadania riešenia, záverečná fáza. Posudzovanie strategických oblastí: 1. strategická oblasť - podnik, 2. strategická oblasť - výrobné miesto, 3. strategická oblasť - výrobn...

Ausführliche Beschreibung

Gespeichert in:
Bibliographische Detailangaben
1. Verfasser: Slamková, E.
Weitere Verfasser: Chromjaková, Felicita
Format: Buchkapitel
Sprache:Slowakisch
Schlagworte:
Tags: Tag hinzufügen
Keine Tags, Fügen Sie das erste Tag hinzu!

MARC

LEADER 00000naa a2200000 4500
001 r018425
005 20221129133914.9
041 0 |a slo 
044 |a CZ 
245 1 0 |a Aplikácia top-down stratégie v projektovom manažmente  |c E. Slamková, F. Chromjaková 
520 |a Top-down stratégia - metóda systémového inžinierstva. Fázy praktickej realizácie Top-down stratégie: fáza hľadania cieľa, fáza hľadania riešenia, záverečná fáza. Posudzovanie strategických oblastí: 1. strategická oblasť - podnik, 2. strategická oblasť - výrobné miesto, 3. strategická oblasť - výrobná prevádzka. 
610 2 0 |a riadenie projektové 
610 2 0 |a projekty 
610 2 0 |a podnik 
610 2 0 |a výrobky 
610 2 0 |a výroba 
610 2 0 |a logistika 
610 2 0 |a inžinierstvo systémové 
100 1 |a Slamková, E. 
700 1 |a Chromjaková, Felicita